| 000 | 00645nam a2200217Ia 4500 | ||
|---|---|---|---|
| 001 | 1556 | ||
| 003 | GE_BSU | ||
| 008 | 181216s||||||||xx |||||||||||||| ||und|| | ||
| 020 | _a5274001467 | ||
| 040 | _cGE_BSU | ||
| 080 | _a624.012.36 | ||
| 100 | _aВоеводин, А. А. | ||
| 245 | _aПредварительно напряженные системы элементов конструкций. | ||
| 260 | _aМ. | ||
| 260 | _bСтройиздат. | ||
| 260 | _c1989. | ||
| 300 | _a300стр.19см. | ||
| 541 | _h8 л. | ||
| 653 | _aНапряженные системы элементов конструкций. | ||
| 942 | _cBK | ||
| 999 |
_c35683 _d35683 |
||